Atlas sveta

Guardado en:
Detalles Bibliográficos
Formato: Libro
Lenguaje:eslovaco
Publicado: Bratislava Slovenská kartografia 1983
Edición:12. aktual. vyd.
Etiquetas: Agregar Etiqueta
Sin Etiquetas, Sea el primero en etiquetar este registro!

MARC

LEADER 00000nam a2200000 4500
001 c115995
005 20221128072532.9
041 0 |a slo 
044 |a SK 
245 1 0 |a Atlas sveta 
250 |a 12. aktual. vyd. 
264 1 |a Bratislava  |b Slovenská kartografia  |c 1983 
300 |a 94 s.